[Event "Staufer op 34th"]
[Site "Schwaebisch Gmuend"]
[Date "2024.01.05"]
[Round "8"]
[White "Perske, Paul"]
[Black "Schmitz, Thorsten"]
[Result "0-1"]
[WhiteElo "2077"]
[BlackElo "2242"]
[PlyCount "62"]
[EventDate "2024.01.02"]
[EventType "swiss"]
[EventRounds "9"]
[EventCountry "GER"]
[SourceTitle "CB02_2024"]
[SourceDate "2024.01.10"]
[SourceVersion "1"]
[SourceVersionDate "2024.01.10"]
[SourceQuality "1"]

1. e4 d6 2. d4 Nf6 3. Nc3 e5 4. Nf3 exd4 5. Nxd4 Be7 6. g3 0-0 7. Bg2 Re8 8. 0-0 Nbd7 9. Re1 Bf8 10. a4 a5 11. Bf4 Ne5 12. h3 c6 13. Qd2 Qb6 14. Nb3 Be6 15. Qe3 Qc7 16. Nd4 Nh5 17. Bxe5 dxe5 18. Nxe6 Rxe6 19. Rad1 Nf6 20. h4 Rd6 21. Rxd6 Bxd6 22. Rd1 Qe7 23. Bh3 Bc5 24. Qf3 Bd4 25. Rd3 Qb4 26. b3 Bxc3 27. Rxc3 Rd8 28. Rd3 Rxd3 29. Qxd3 Qe1+ 30. Bf1 g6 31. Qd6 Qxf2+ 0-1

[Event "Mittelfranken Landesliga Sued 2223"]
[Site "Mittelfranken"]
[Date "2022.12.11"]
[Round "4.2"]
[White "Maier, Alexander"]
[Black "Schmitz, Thorsten"]
[Result "1/2-1/2"]
[WhiteElo "2277"]
[BlackElo "2241"]
[PlyCount "33"]
[EventDate "2022.10.09"]
[EventType "team-tourn"]
[EventRounds "9"]
[EventCountry "GER"]
[SourceTitle "EXT 2024"]
[Source "ChessBase"]
[SourceDate "2023.10.10"]
[SourceVersion "1"]
[SourceVersionDate "2023.10.10"]
[SourceQuality "1"]
[WhiteTeam "Muenchen Zugzwang II"]
[BlackTeam "Garching II"]
[WhiteTeamCountry "GER"]
[BlackTeamCountry "GER"]

1. e4 c5 2. b3 d6 3. Bb5+ Bd7 4. Bxd7+ Nxd7 5. d3 Ngf6 6. f4 g6 7. Bb2 Bg7 8. Nf3 0-0 9. 0-0 b5 10. Qe2 Nb6 11. c4 bxc4 12. dxc4 a5 13. a4 Qc8 14. Nc3 Qg4 15. Qd2 Bh6 16. Ne1 Nh5 17. Qe2 1/2-1/2

[Event "Oberliga Bayern 2122"]
[Site "Bayern"]
[Date "2022.05.29"]
[Round "9.4"]
[White "Klimpel, Thomas"]
[Black "Schmitz, Thorsten"]
[Result "1/2-1/2"]
[WhiteElo "2026"]
[BlackElo "2267"]
[PlyCount "99"]
[EventDate "2021.10.24"]
[EventType "team-tourn"]
[EventRounds "9"]
[EventCountry "GER"]
[SourceTitle "EXT 2024"]
[Source "ChessBase"]
[SourceDate "2023.10.10"]
[SourceVersion "1"]
[SourceVersionDate "2023.10.10"]
[SourceQuality "1"]
[WhiteTeam "Kareth Lappersdorf"]
[BlackTeam "Garching"]
[WhiteTeamCountry "GER"]
[BlackTeamCountry "GER"]

1. e4 Nf6 2. Nc3 e5 3. Nf3 d6 4. d4 exd4 5. Nxd4 Be7 6. Bd3 0-0 7. h3 Re8 8. 0-0 Nbd7 9. Nf5 Bf8 10. Bg5 h6 11. Bh4 c6 12. Kh1 Ne5 13. Ne3 Be7 14. Bg3 b5 15. a3 a5 16. Be2 Qb6 17. Qc1 Bf8 18. Re1 Bd7 19. f4 Ng6 20. Bf3 b4 21. axb4 axb4 22. Rxa8 Rxa8 23. Ncd1 Re8 24. Nf2 Qb5 25. Qd1 Qa6 26. h4 Bc8 27. h5 Ne7 28. b3 d5 29. exd5 Nexd5 30. Nxd5 Rxe1+ 31. Qxe1 cxd5 32. Nd3 Qb7 33. Qe5 Ne4 34. Be1 Bd7 35. Qd4 Qc6 36. Bxe4 dxe4 37. Nxb4 Qb7 38. Nd5 Bc6 39. Ne3 Qb5 40. Bc3 Qxh5+ 41. Kg1 Qb5 42. Qd8 Qc5 43. Bd4 Qa3 44. c3 Qd6 45. Qc8 Bd7 46. Qd8 Be6 47. Qa8 Qa3 48. Qxa3 Bxa3 49. b4 Bd7 50. Kf2 1/2-1/2

[Event "Oberliga Bayern 2122"]
[Site "Bayern"]
[Date "2021.10.24"]
[Round "1.4"]
[White "De Francesco, Klaus"]
[Black "Schmitz, Thorsten"]
[Result "0-1"]
[WhiteElo "2190"]
[BlackElo "2267"]
[PlyCount "54"]
[EventDate "2021.10.24"]
[EventType "team-tourn"]
[EventRounds "9"]
[EventCountry "GER"]
[SourceTitle "EXT 2023"]
[Source "ChessBase"]
[SourceDate "2022.10.05"]
[SourceVersion "1"]
[SourceVersionDate "2022.10.05"]
[SourceQuality "1"]
[WhiteTeam "Weilheim"]
[BlackTeam "Garching"]
[WhiteTeamCountry "GER"]
[BlackTeamCountry "GER"]

1. d4 c5 2. d5 d6 3. c4 g6 4. Nc3 Bg7 5. e4 e6 6. f4 Ne7 7. Nf3 exd5 8. cxd5 0-0 9. Bc4 Bg4 10. 0-0 Nd7 11. h3 Bxf3 12. Qxf3 a6 13. a4 Kh8 14. g4 f5 15. exf5 gxf5 16. g5 b5 17. axb5 Nb6 18. Bb3 c4 19. Bc2 axb5 20. Rxa8 Qxa8 21. Nxb5 Nbxd5 22. Kh1 Qa6 23. Na3 Nb4 24. Qe2 Nec6 25. Bb1 Nd4 26. Qxc4 Qb7+ 27. Kh2 Rc8 0-1

[Event "Hofheim Spring op 7th"]
[Site "Hofheim"]
[Date "2019.04.27"]
[Round "9"]
[White "Schmitz, Thorsten"]
[Black "Khaetsky, Roman"]
[Result "1-0"]
[WhiteElo "2291"]
[BlackElo "2344"]
[PlyCount "23"]
[EventDate "2019.04.23"]
[EventType "swiss"]
[EventRounds "9"]
[EventCountry "GER"]
[SourceTitle "CBM 190 Extra"]
[Source "ChessBase"]
[SourceDate "2019.07.15"]
[SourceVersion "1"]
[SourceVersionDate "2019.07.15"]
[SourceQuality "1"]

1. e4 Nf6 2. e5 Nd5 3. d4 d6 4. c4 Nb6 5. exd6 exd6 6. Nc3 Be7 7. Bd3 0-0 8. Nge2 Nc6 9. a3 Bg4 10. Be3 Bf6 11. 0-0 Re8 12. Qd2 1-0

[Event "Hofheim Spring op 7th"]
[Site "Hofheim"]
[Date "2019.04.23"]
[Round "1"]
[White "Schmitz, Thorsten"]
[Black "Vakulenko, Aleksandr"]
[Result "0-1"]
[WhiteElo "2291"]
[BlackElo "2055"]
[PlyCount "214"]
[EventDate "2019.04.23"]
[EventType "swiss"]
[EventRounds "9"]
[EventCountry "GER"]
[SourceTitle "CBM 190 Extra"]
[Source "ChessBase"]
[SourceDate "2019.07.15"]
[SourceVersion "1"]
[SourceVersionDate "2019.07.15"]
[SourceQuality "1"]

1. e4 c5 2. g3 d6 3. Bg2 Nf6 4. Ne2 g6 5. c3 Nc6 6. d4 e5 7. 0-0 Bg7 8. dxe5 dxe5 9. Qxd8+ Kxd8 10. Na3 Ne8 11. Rd1+ Ke7 12. Nc4 Bg4 13. f3 Be6 14. Ne3 f6 15. b4 Rd8 16. Nd5+ Bxd5 17. exd5 cxb4 18. Be3 Na5 19. Bxa7 bxc3 20. Nxc3 Rc8 21. Ne4 Nc4 22. Rab1 Ned6 23. Bc5 Rc7 24. Rdc1 Kd7 25. Bxd6 Nxd6 26. Nc5+ Ke8 27. Ne6 Rd7 28. f4 e4 29. Rb6 Bf8 30. Rb2 Be7 31. Rbc2 Bd8 32. Kh1 f5 33. Bf1 Kf7 34. h4 h5 35. Kg2 Ba5 36. Rb1 Ra8 37. Bb5 Re7 38. Kf2 Bb6+ 39. Ke2 Ba5 40. Kf1 Rc8 41. Rxc8 Nxc8 42. Nc5 Rc7 43. Nd7 Nd6 44. Ne5+ Kg7 45. Ba4 Rc5 46. Bb3 Rc3 47. Kg2 Bb4 48. Rd1 Bc5 49. Rd2 Kf6 50. Nd7+ Ke7 51. Ne5 Kf6 52. Rd1 e3 53. Nd7+ Ke7 54. Nxc5 Rxc5 55. Re1 Rc3 56. Kf3 e2+ 57. Kg2 Ne4 58. Rxe2 Rxg3+ 59. Kh2 Rg4 60. Kh3 Rxf4 61. Re3 Kd6 62. a4 Ke5 63. Ba2 Rf2 64. Ra3 f4 65. a5 Nf6 66. Bc4 Ng4 67. Ra2 Rf3+ 68. Kg2 Rg3+ 69. Kh1 Rh3+ 70. Kg1 Rxh4 71. Rd2 Kd6 72. Rb2 f3 73. Rb6+ Kc5 74. Bb5 f2+ 75. Kg2 Rh2+ 76. Kg3 Rh1 77. d6 f1Q 78. Bxf1 Rxf1 79. d7 Rd1 80. Rxb7 Ne5 81. a6 Nc6 82. Rc7 Kb6 83. a7 Nxa7 84. Rc2 Rxd7 85. Kf4 Rd5 86. Rg2 Rd6 87. Ke5 Kc7 88. Kf4 Kd7 89. Kg5 Nc6 90. Rb2 Nd8 91. Ra2 Nf7+ 92. Kf4 Ke6 93. Ra8 Rb6 94. Ra3 g5+ 95. Kg3 Kf5 96. Kh3 Ne5 97. Ra4 Rb3+ 98. Kg2 g4 99. Ra8 h4 100. Rf8+ Kg5 101. Rg8+ Ng6 102. Ra8 Rb2+ 103. Kg1 h3 104. Ra3 Kh4 105. Rc3 Ne5 106. Rc8 Kg3 107. Rc1 Nf3+ 0-1

[Event "Oberliga Bayern 1819"]
[Site "Bayern"]
[Date "2019.04.07"]
[Round "9.3"]
[White "Quast, Michael"]
[Black "Schmitz, Thorsten"]
[Result "1/2-1/2"]
[WhiteElo "2293"]
[BlackElo "2275"]
[PlyCount "231"]
[EventDate "2018.10.21"]
[EventType "team-tourn"]
[EventRounds "9"]
[EventCountry "GER"]
[SourceTitle "EXT 2020"]
[Source "ChessBase"]
[SourceDate "2019.10.17"]
[SourceVersion "1"]
[SourceVersionDate "2019.10.17"]
[SourceQuality "1"]
[WhiteTeam "Regensburg Post/Sued"]
[BlackTeam "Garching II"]
[WhiteTeamCountry "GER"]
[BlackTeamCountry "GER"]

1. d4 Nf6 2. Bf4 d6 3. e3 Nbd7 4. Nf3 g6 5. h3 Bg7 6. Be2 0-0 7. 0-0 b6 8. a4 a6 9. c4 Bb7 10. a5 Ne4 11. axb6 c5 12. Qb3 Qxb6 13. Qxb6 Nxb6 14. Ra3 Nd7 15. Rd1 Rfb8 16. Nbd2 Nxd2 17. Rxd2 Bc8 18. b3 Rb6 19. Bd1 Bb7 20. Bc2 cxd4 21. exd4 Bxf3 22. gxf3 Bxd4 23. Rxd4 e5 24. Bxe5 Nxe5 25. Kg2 f5 26. Rd5 Nd7 27. b4 Nf6 28. Rd4 Rab8 29. c5 dxc5 30. bxc5 Rc6 31. Bd3 Rxc5 32. Rxa6 Kg7 33. Ra7+ Kh6 34. Rf7 Rd5 35. Rxd5 Nxd5 36. Kg3 Rb4 37. Bf1 Nf4 38. Ba6 Nh5+ 39. Kh2 Rb3 40. Kg2 Rb4 41. Kh2 Rh4 42. Bf1 Nf4 43. Kg3 Kg5 44. Kh2 h6 45. Ra7 Nh5 46. Ra6 Rb4 47. Rc6 Nf4 48. Kg3 Nh5+ 49. Kh2 Rb1 50. Ba6 Nf4 51. Rc4 Nd5 52. Rd4 Ne7 53. Kg2 Rb6 54. Bd3 Re6 55. Kg3 Kf6 56. f4 Rb6 57. Kg2 Nc8 58. Be2 Nd6 59. Bf3 Ne8 60. Rd7 Rd6 61. Rh7 h5 62. Ra7 Ng7 63. Ra4 Ne6 64. h4 Nc5 65. Rc4 Nd3 66. Kg3 Ne1 67. Rc1 Nd3 68. Rc4 Rb6 69. Rc3 Nb4 70. Re3 Nc2 71. Rc3 Nd4 72. Rc4 Rd6 73. Ra4 Ne6 74. Ra3 Nc5 75. Rc3 Ne4+ 76. Bxe4 fxe4 77. Rc5 Rd3+ 78. Kg2 Rf3 79. Ra5 Rxf4 80. Kg3 Rf3+ 81. Kg2 Rd3 82. Rb5 Ke6 83. Rg5 Kf6 84. Rb5 Rc3 85. Ra5 Rc2 86. Kg3 Rc3+ 87. Kg2 Rb3 88. Rc5 Rb1 89. Ra5 Re1 90. Rb5 Re2 91. Kg3 Ra2 92. Rc5 Ra3+ 93. Kg2 Ra4 94. Kg3 Rd4 95. Ra5 Ke6 96. Rg5 Kf7 97. Ra5 Rd3+ 98. Kg2 Rf3 99. Re5 Rf4 100. Kg3 Rg4+ 101. Kh3 Kf6 102. Ra5 g5 103. hxg5+ Rxg5 104. Ra8 Ke5 105. Rf8 Rf5 106. Re8+ Kf4 107. Kg2 Rg5+ 108. Kf1 Rf5 109. Rh8 Kg4 110. Rg8+ Kh4 111. Re8 Rf4 112. Kg2 Rg4+ 113. Kh2 Kg5 114. Re5+ Kh4 115. Rf5 Rg7 116. Rf4+ 1/2-1/2

[Event "Oberliga Bayern 1819"]
[Site "Bayern"]
[Date "2019.02.24"]
[Round "7.3"]
[White "Grabert, Ralf"]
[Black "Schmitz, Thorsten"]
[Result "0-1"]
[WhiteElo "2192"]
[BlackElo "2275"]
[PlyCount "76"]
[EventDate "2018.10.21"]
[EventType "team-tourn"]
[EventRounds "9"]
[EventCountry "GER"]
[SourceTitle "EXT 2020"]
[Source "ChessBase"]
[SourceDate "2019.10.17"]
[SourceVersion "1"]
[SourceVersionDate "2019.10.17"]
[SourceQuality "1"]
[WhiteTeam "Kareth Lappersdorf"]
[BlackTeam "Garching II"]
[WhiteTeamCountry "GER"]
[BlackTeamCountry "GER"]

1. Nf3 Nf6 2. g3 g6 3. Bg2 Bg7 4. 0-0 0-0 5. d4 Nc6 6. Re1 d5 7. c4 dxc4 8. Na3 Na5 9. Bf4 c6 10. Qc1 b5 11. Bh6 Bf5 12. Bxg7 Kxg7 13. Ne5 Qxd4 14. Nxc6 Nxc6 15. Bxc6 Rac8 16. Bf3 b4 17. Nc2 Qc5 18. e4 Bg4 19. Bg2 e5 20. a3 b3 21. Ne3 c3 22. bxc3 Qxc3 23. Qxc3 Rxc3 24. Rab1 Be6 25. Nd5 Nxd5 26. exd5 Bf5 27. Rb2 Kf6 28. Be4 a5 29. a4 Bxe4 30. Rxe4 Rd8 31. Re3 Rxe3 32. fxe3 Rb8 33. e4 Ke7 34. Kf2 Kd6 35. Ke3 Kc5 36. Kd3 Kb4 37. Rb1 Kxa4 38. d6 Kb4 0-1

[Event "Karlsruhe Grenke op"]
[Site "Karlsruhe"]
[Date "2018.03.30"]
[Round "2"]
[White "Lagarde, Maxime"]
[Black "Schmitz, Thorsten"]
[Result "1-0"]
[WhiteElo "2587"]
[BlackElo "2263"]
[PlyCount "89"]
[EventDate "2018.03.29"]
[EventType "swiss"]
[EventRounds "9"]
[EventCountry "GER"]
[SourceTitle "CBM 183 Extra"]
[Source "ChessBase"]
[SourceDate "2018.04.19"]
[SourceVersion "1"]
[SourceVersionDate "2018.04.19"]
[SourceQuality "1"]

1. e4 e5 2. Bc4 Nf6 3. d3 Be7 4. Nc3 c6 5. Bb3 0-0 6. Qf3 Na6 7. a3 Nc5 8. Ba2 d5 9. h3 Be6 10. Nge2 dxe4 11. dxe4 Bxa2 12. Rxa2 Ne6 13. g4 Nd4 14. Nxd4 exd4 15. Ne2 Re8 16. 0-0 Qb6 17. Ng3 Bf8 18. Kh1 c5 19. b3 Qc6 20. Re1 Re6 21. c3 dxc3 22. g5 c4 23. bxc4 Qxc4 24. Rc2 Nd7 25. Rxc3 Qa6 26. Nh5 Ne5 27. Qg3 Rd8 28. Nf4 Rc6 29. Rce3 Nc4 30. R3e2 Bd6 31. Qh4 Bxf4 32. g6 Rf6 33. gxf7+ Kxf7 34. Bxf4 Qxa3 35. Bg3 Qf3+ 36. Kh2 Rd2 37. e5 Rxe2 38. Qxc4+ Re6 39. Rxe2 a6 40. Rd2 Qf5 41. Rd7+ Kg6 42. Rxb7 h5 43. Qc7 Qf8 44. Qd7 Re8 45. Qd3+ 1-0

[Event "BL2-Ost 1718"]
[Site "Germany"]
[Date "2017.11.12"]
[Round "4.7"]
[White "Roseneck, Jonas"]
[Black "Schmitz, Thorsten"]
[Result "1/2-1/2"]
[WhiteElo "2178"]
[BlackElo "2242"]
[PlyCount "95"]
[EventDate "2017.10.21"]
[EventType "team-tourn"]
[EventRounds "10"]
[EventCountry "GER"]
[SourceTitle "CBM 183 Extra"]
[Source "ChessBase"]
[SourceDate "2018.04.19"]
[SourceVersion "1"]
[SourceVersionDate "2018.04.19"]
[SourceQuality "1"]
[WhiteTeam "Magdeburg Aufbau Elbe"]
[BlackTeam "Garching"]
[WhiteTeamCountry "GER"]
[BlackTeamCountry "GER"]

1. e4 Nf6 2. e5 Nd5 3. d4 d6 4. c4 Nb6 5. f4 dxe5 6. fxe5 Nc6 7. Be3 Bf5 8. Nc3 e6 9. Be2 Be7 10. Nf3 0-0 11. 0-0 f6 12. exf6 Bxf6 13. Qd2 Qd7 14. Rad1 Rad8 15. Qc1 Qe7 16. Kh1 h6 17. Bg1 Kh8 18. Rd2 Bg4 19. c5 Bxf3 20. Rxf3 Nd5 21. Rd1 Bg5 22. Qc2 Ncb4 23. Qe4 Nf6 24. Qb1 Nc6 25. Ne4 Nxe4 26. Qxe4 Rxf3 27. Bxf3 Bf6 28. Bg4 e5 29. d5 Nd4 30. b4 a5 31. a3 axb4 32. axb4 Qf7 33. Bxd4 exd4 34. Be6 Qh5 35. Rf1 Be5 36. h3 Qg5 37. g4 Qe3 38. Qxe3 dxe3 39. Re1 Bd4 40. Kg2 Bc3 41. Rxe3 Bxb4 42. c6 bxc6 43. dxc6 Re8 44. Kf3 g5 45. Re4 Bd6 46. Ke3 Kg7 47. Kd4 Kf6 48. Bf5 1/2-1/2

[Event "Prague Summer op 4th"]
[Site "Prague"]
[Date "2017.08.11"]
[Round "9"]
[White "Schmitz, Thorsten"]
[Black "Fraczek, Dariusz"]
[Result "1-0"]
[WhiteElo "2273"]
[BlackElo "2104"]
[PlyCount "77"]
[EventDate "2017.08.04"]
[EventType "swiss"]
[EventRounds "9"]
[EventCountry "CZE"]
[SourceTitle "CBM 179 Extra"]
[Source "ChessBase"]
[SourceDate "2017.08.23"]
[SourceVersion "1"]
[SourceVersionDate "2017.08.23"]
[SourceQuality "1"]

1. c4 Nf6 2. Nc3 g6 3. e4 d6 4. d4 Bg7 5. Nf3 0-0 6. Be2 e5 7. d5 a5 8. Bg5 h6 9. Be3 Na6 10. Nd2 Bd7 11. 0-0 Nh7 12. a3 f5 13. f3 f4 14. Bf2 g5 15. b4 b6 16. c5 bxc5 17. bxc5 Nxc5 18. Bxc5 dxc5 19. Na4 Qe7 20. Rc1 Bxa4 21. Qxa4 Rfb8 22. Nb3 Bf8 23. Nxc5 Qxc5+ 24. Rxc5 Bxc5+ 25. Kh1 Nf6 26. Bb5 Bd6 27. Qc4 a4 28. g3 Ra5 29. Bxa4 fxg3 30. hxg3 Nh5 31. Kg2 Rba8 32. Bc6 Rc5 33. Qxc5 Bxc5 34. Bxa8 Bxa3 35. Rh1 Nf6 36. Rxh6 Kg7 37. Rh1 Bd6 38. Bb7 g4 39. Bc8 1-0

[Event "Prague Summer op 4th"]
[Site "Prague"]
[Date "2017.08.06"]
[Round "4"]
[White "Mustafayev, Farid Farman Oglu"]
[Black "Schmitz, Thorsten"]
[Result "1-0"]
[WhiteElo "2076"]
[BlackElo "2273"]
[PlyCount "109"]
[EventDate "2017.08.04"]
[EventType "swiss"]
[EventRounds "9"]
[EventCountry "CZE"]
[SourceTitle "CBM 179 Extra"]
[Source "ChessBase"]
[SourceDate "2017.08.23"]
[SourceVersion "1"]
[SourceVersionDate "2017.08.23"]
[SourceQuality "1"]

1. d4 Nf6 2. Nf3 g6 3. Nbd2 d5 4. e3 Bg7 5. b4 a5 6. b5 c5 7. bxc6 bxc6 8. Ba3 0-0 9. Bd3 Na6 10. c3 Qc7 11. 0-0 c5 12. Re1 c4 13. Bc2 Bf5 14. Bxf5 gxf5 15. Nh4 Qd7 16. Qf3 Ne4 17. Nxf5 Bf6 18. Nxe4 dxe4 19. Qxe4 Rfe8 20. Qg4+ Kh8 21. Qh5 Rg8 22. Nh6 Rg7 23. e4 e6 24. e5 Bg5 25. Ng4 Rag8 26. g3 Nc7 27. Nf6 Bxf6 28. exf6 Rg5 29. Qh4 Nd5 30. Bf8 R8g6 31. Rab1 Qd8 32. Bg7+ Kg8 33. Rb5 Rg4 34. Reb1 Nxf6 35. Bxf6 Qxf6 36. Qxf6 Rxf6 37. Rxa5 Rf3 38. Rc1 Re4 39. Rc2 Kg7 40. Rc5 Rd3 41. a4 Kg6 42. Kg2 e5 43. Rxe5 Rxe5 44. dxe5 Rd5 45. Ra2 Kf5 46. f3 Ra5 47. Kf2 Kxe5 48. Ke3 f5 49. Ra1 h5 50. h4 Rd5 51. a5 Rd3+ 52. Ke2 Rxc3 53. a6 Rc2+ 54. Kf1 f4 55. a7 1-0

[Event "Prague Summer op 4th"]
[Site "Prague"]
[Date "2017.08.06"]
[Round "3"]
[White "Schmitz, Thorsten"]
[Black "Slovak, Kilian"]
[Result "1/2-1/2"]
[WhiteElo "2273"]
[BlackElo "2101"]
[PlyCount "137"]
[EventDate "2017.08.04"]
[EventType "swiss"]
[EventRounds "9"]
[EventCountry "CZE"]
[SourceTitle "CBM 179 Extra"]
[Source "ChessBase"]
[SourceDate "2017.08.23"]
[SourceVersion "1"]
[SourceVersionDate "2017.08.23"]
[SourceQuality "1"]

1. e4 c5 2. c3 d5 3. exd5 Qxd5 4. Nf3 Nf6 5. Na3 Bg4 6. Be2 Nc6 7. Qa4 e6 8. Nc4 Rc8 9. Ne3 Qh5 10. h3 Bxf3 11. Bxf3 Qe5 12. Bxc6+ bxc6 13. Qxa7 Bd6 14. d4 cxd4 15. Qxd4 Qxd4 16. cxd4 Kd7 17. Nc4 Nd5 18. Bd2 Ra8 19. 0-0 Rhb8 20. Rfc1 Ra4 21. a3 Rb3 22. Rc2 Rd3 23. Be3 f5 24. Re1 Bc7 25. b4 g6 26. Nb2 Rdxa3 27. Nxa4 Rxa4 28. Bd2 Bd6 29. Rb1 Nc7 30. Rcc1 Ra7 31. Bh6 Rb7 32. Bg7 Rb5 33. Rc4 Nd5 34. Ra1 Rb7 35. Be5 Be7 36. g3 Nxb4 37. Rb1 Rb5 38. Kf1 Nd5 39. Rcc1 Ba3 40. Rxb5 cxb5 41. Ra1 b4 42. Ke2 Kc6 43. Kd3 Kb5 44. Bd6 Ka4 45. Re1 b3 46. Ra1 Nb4+ 47. Bxb4 b2 48. Rb1 Kxb4 49. Kc2 Kc4 50. Rd1 Bb4 51. Kxb2 Bc3+ 52. Kc2 Bxd4 53. f3 h5 54. Kd2 e5 55. Ke2 Kd5 56. Rb1 Ke6 57. Rb7 Kf6 58. Rc7 Bg1 59. Rc6+ Kg7 60. g4 hxg4 61. fxg4 fxg4 62. hxg4 Kh6 63. Kf3 Kg5 64. Ke4 Bd4 65. Kf3 Bb2 66. Kg3 Ba1 67. Rc5 Bd4 68. Rd5 Bc3 69. Kf3 1/2-1/2

[Event "Rheinland Pfalz op 9th"]
[Site "Lambsheim"]
[Date "2017.06.16"]
[Round "3"]
[White "Schmitz, Thorsten"]
[Black "Wenner, Tobias"]
[Result "1/2-1/2"]
[WhiteElo "2268"]
[BlackElo "2095"]
[PlyCount "130"]
[EventDate "2017.06.15"]
[EventType "swiss"]
[EventRounds "7"]
[EventCountry "GER"]
[SourceTitle "CBM 178 Extra"]
[Source "ChessBase"]
[SourceDate "2017.06.22"]
[SourceVersion "1"]
[SourceVersionDate "2017.06.22"]
[SourceQuality "1"]

1. e4 c5 2. c3 d5 3. exd5 Qxd5 4. Nf3 Nf6 5. Na3 e6 6. d4 Nc6 7. Bd3 cxd4 8. Nb5 Qd8 9. Nbxd4 Nxd4 10. Nxd4 Be7 11. 0-0 0-0 12. Re1 Nd5 13. Bc2 Bg5 14. Qh5 h6 15. Bxg5 Qxg5 16. Qxg5 hxg5 17. Rad1 Nf6 18. Nf3 g4 19. Ne5 b6 20. Rd4 Bb7 21. Red1 Rfc8 22. Nxg4 Nxg4 23. Rxg4 Bd5 24. a3 Kf8 25. Be4 Bxe4 26. Rxe4 Rd8 27. Red4 Rxd4 28. Rxd4 Ke7 29. f4 Rc8 30. g3 Rc5 31. Kf2 e5 32. fxe5 Rxe5 33. Kf3 Rf5+ 34. Ke3 g5 35. Ra4 a5 36. b4 Kd6 37. bxa5 bxa5 38. h4 gxh4 39. gxh4 Rc5 40. Rd4+ Ke6 41. c4 a4 42. Rg4 f5 43. Rd4 Rc8 44. c5 Rxc5 45. Rxa4 Kf7 46. Kd4 Rc1 47. Ke5 Rc5+ 48. Kd4 Rc1 49. Rc4 Ra1 50. a4 f4 51. Kc3 f3 52. Kb2 Rh1 53. Rf4+ Ke6 54. Rxf3 Rxh4 55. Kb3 Kd7 56. Rc3 Rh6 57. Kb4 Rc6 58. Rh3 Kc7 59. Kb5 Rg6 60. Rh7+ Kb8 61. Rh5 Rf6 62. a5 Rg6 63. a6 Rg1 64. Rh8+ Ka7 65. Rh7+ Ka8 1/2-1/2

[Event "BL2-Ost 1617"]
[Site "Germany"]
[Date "2017.03.19"]
[Round "9.7"]
[White "Gasthofer, Viktor"]
[Black "Schmitz, Thorsten"]
[Result "1/2-1/2"]
[WhiteElo "2307"]
[BlackElo "2308"]
[PlyCount "43"]
[EventDate "2016.10.14"]
[EventType "team-tourn"]
[EventRounds "10"]
[EventCountry "GER"]
[SourceTitle "CBM 177 Extra"]
[Source "ChessBase"]
[SourceDate "2017.04.27"]
[SourceVersion "1"]
[SourceVersionDate "2017.04.27"]
[SourceQuality "1"]
[WhiteTeam "Bad Mergentheim"]
[BlackTeam "Garching"]
[WhiteTeamCountry "GER"]
[BlackTeamCountry "GER"]

1. Nf3 Nf6 2. g3 g6 3. Bg2 Bg7 4. 0-0 0-0 5. d4 d6 6. b3 c5 7. Bb2 cxd4 8. Nxd4 d5 9. Nd2 Nc6 10. c4 Nxd4 11. Bxd4 Be6 12. Rc1 Rc8 13. Bxf6 Bxf6 14. cxd5 Rxc1 15. Qxc1 Bxd5 16. Ne4 Bxe4 17. Bxe4 Qa5 18. Qc2 Rd8 19. Rd1 Rxd1+ 20. Qxd1 Qxa2 21. Bxb7 Qa1 22. Qxa1 1/2-1/2